[Event "17. Open de Sants Hostafrancs 2015"]
[Site "Barcelona ESP"]
[Date "2015.08.30"]
[Round "10.66"]
[White "Subirats Ruiz, Sergi"]
[Black "Tahay, Alexis"]
[Result "1/2-1/2"]
[WhiteElo "2203"]
[BlackElo "2055"]
[PlyCount "186"]
[EventDate "2015.08.21"]
[EventType "swiss"]
[EventRounds "10"]
[EventCountry "ESP"]
[SourceTitle "Ajedrez en Madrid"]
[Source "lmi"]
[SourceDate "2015.08.21"]

1. f4 c5 2. Nf3 Nf6 3. g3 g6 4. Bg2 Bg7 5. O-O O-O 6. d3 d5 7. Qe1 d4 8. h3 Nc6
9. Na3 Rb8 10. g4 b5 11. f5 Nd5 12. Ng5 e6 13. f6 Bxf6 14. Bxd5 exd5 15. Qh4
Bxg5 16. Bxg5 f6 17. Rxf6 Rxf6 18. Bxf6 Qe8 19. Rf1 Rb7 20. Bg5 b4 21. Nb5 Rf7
22. Bf4 Qf8 23. Qg5 Nd8 24. Qxd5 Ne6 25. Nd6 Rxf4 26. Rxf4 Qxf4 27. Nxc8 Qe3+
28. Kf1 Qxh3+ 29. Qg2 Qe3 30. Qf3 Qxf3+ 31. exf3 a6 32. Kf2 Kf7 33. Nb6 Kf6 34.
Kg3 h5 35. f4 hxg4 36. Kxg4 Ke7 37. Nc4 Kf6 38. Nd6 Ke7 39. Ne4 Kd7 40. Nd2 Kd6
41. Nc4+ Kd5 42. Kg3 Ng7 43. Kf3 Ne6 44. Kg4 Nf8 45. Ne5 Kd6 46. Kf3 Kd5 47.
Kg4 Kd6 48. Nf3 Ne6 49. Ne5 Nf8 50. Nf7+ Ke7 51. Ng5 Kd6 52. Ne4+ Kd5 53. Nf6+
Ke6 54. Kg5 Kd6 55. Ne8+ Kd7 56. Nf6+ Kd6 57. Ne4+ Kd5 58. b3 Ne6+ 59. Kg4 Nf8
60. f5 gxf5+ 61. Kxf5 Nd7 62. Kf4 Nb8 63. Nf6+ Kd6 64. Ke4 Nc6 65. Ne8+ Kd7 66.
Kd5 Ne7+ 67. Kxc5 Kxe8 68. Kxb4 Kd7 69. Kc5 Nf5 70. Kb6 Ne3 71. Kxa6 Nxc2 72.
Kb5 Kc7 73. Kc5 Kb7 74. a4 Na1 75. b4 Nc2 76. b5 Kc7 77. a5 Kb7 78. Kd5 Na3 79.
Kc5 Nc2 80. Kc4 Kc7 81. Kd5 Kb7 82. Kc5 Na3 83. a6+ Ka7 84. Kc6 Nc2 85. Kc5 Na3
86. Kb4 Nc2+ 87. Ka5 Ne1 88. b6+ Kb8 89. b7 Ka7 90. Kb4 Nxd3+ 91. Kc4 Ne5+ 92.
Kxd4 Nc6+ 93. Kc5 Nb8 1/2-1/2

[Event "17. Open de Sants Hostafrancs 2015"]
[Site "Barcelona ESP"]
[Date "2015.08.30"]
[Round "10.67"]
[White "Finsterwalder, Sebastian"]
[Black "Capellades Subirana, Marc"]
[Result "1/2-1/2"]
[WhiteElo "2050"]
[BlackElo "2199"]
[PlyCount "45"]
[EventDate "2015.08.21"]
[EventType "swiss"]
[EventRounds "10"]
[EventCountry "ESP"]
[SourceTitle "Ajedrez en Madrid"]
[Source "lmi"]
[SourceDate "2015.08.21"]

1. d4 Nf6 2. c4 e6 3. Nc3 Bb4 4. f3 c5 5. d5 Bxc3+ 6. bxc3 d6 7. e4 e5 8. Bd3
Nbd7 9. Ne2 O-O 10. g4 Ne8 11. h4 g6 12. Ng3 Ng7 13. Bh6 Re8 14. Qd2 Nf8 15. h5
Qe7 16. Ke2 f6 17. hxg6 hxg6 18. Rh2 g5 19. Nf5 Bxf5 20. gxf5 Rec8 21. Rg1 Nh7
22. Bxg7 Qxg7 23. Rgh1 1/2-1/2

[Event "17. Open de Sants Hostafrancs 2015"]
[Site "Barcelona ESP"]
[Date "2015.08.30"]
[Round "10.68"]
[White "Gertosio, Franck"]
[Black "Bressy, Theo"]
[Result "1-0"]
[WhiteElo "2198"]
[BlackElo "2047"]
[PlyCount "91"]
[EventDate "2015.08.21"]
[EventType "swiss"]
[EventRounds "10"]
[EventCountry "ESP"]
[SourceTitle "Ajedrez en Madrid"]
[Source "lmi"]
[SourceDate "2015.08.21"]

1. e4 g6 2. d4 Bg7 3. Nc3 d6 4. f4 Nf6 5. Nf3 O-O 6. Bd3 Na6 7. O-O c5 8. d5
Nc7 9. a4 Bd7 10. h3 b6 11. e5 dxe5 12. Nxe5 Rb8 13. Bc4 a6 14. Nc6 Bxc6 15.
dxc6 b5 16. axb5 axb5 17. Be2 Rb6 18. Bf3 Qd4+ 19. Kh2 e6 20. Qe2 Nfd5 21. Ne4
Bh6 22. c3 Qg7 23. Nxc5 Rxc6 24. Nd3 Rd6 25. g3 Rfd8 26. Ne5 Nb6 27. Ra7 f6 28.
Ng4 R8d7 29. Be3 Qf8 30. Bc5 Bg7 31. Bxd6 Qxd6 32. Rd1 Qxd1 33. Qxd1 Rxd1 34.
Bxd1 Ncd5 35. Be2 f5 36. Ne5 g5 37. Bxb5 gxf4 38. gxf4 Nxf4 39. Nf3 h6 40. Kg3
Nfd5 41. Rb7 e5 42. c4 f4+ 43. Kf2 e4 44. cxd5 exf3 45. Kxf3 Nxd5 46. Bc4 1-0

[Event "17. Open de Sants Hostafrancs 2015"]
[Site "Barcelona ESP"]
[Date "2015.08.30"]
[Round "10.69"]
[White "Louis, Corentin"]
[Black "Forgues, Fabien"]
[Result "1/2-1/2"]
[WhiteElo "2039"]
[BlackElo "2187"]
[PlyCount "72"]
[EventDate "2015.08.21"]
[EventType "swiss"]
[EventRounds "10"]
[EventCountry "ESP"]
[SourceTitle "Ajedrez en Madrid"]
[Source "lmi"]
[SourceDate "2015.08.21"]

1. e4 e5 2. Nf3 Nc6 3. d4 exd4 4. Nxd4 Nf6 5. Nc3 Bb4 6. Nxc6 bxc6 7. Bd3 d5 8.
exd5 cxd5 9. O-O O-O 10. h3 c6 11. Qf3 Bd6 12. Bf4 Rb8 13. b3 Rb7 14. Ne2 Re7
15. Rad1 Bxf4 16. Qxf4 c5 17. c4 d4 18. b4 cxb4 19. Nxd4 Qc7 20. Qh4 h6 21. Nf5
Bxf5 22. Bxf5 Qe5 23. Bb1 a5 24. Qd4 Qxd4 25. Rxd4 Rc7 26. Rfd1 Re8 27. Bc2 g6
28. Kf1 Kg7 29. Ba4 Re4 30. Bb5 Ree7 31. f3 Rc5 32. Re1 Rce5 33. Rdd1 Kf8 34.
Rd8+ Kg7 35. Rxe5 Rxe5 36. Ra8 Nh5 1/2-1/2

[Event "17. Open de Sants Hostafrancs 2015"]
[Site "Barcelona ESP"]
[Date "2015.08.30"]
[Round "10.70"]
[White "Moreno Martin, Daniel"]
[Black "Altieri, Danilo M"]
[Result "1/2-1/2"]
[WhiteElo "2186"]
[BlackElo "1985"]
[PlyCount "82"]
[EventDate "2015.08.21"]
[EventType "swiss"]
[EventRounds "10"]
[EventCountry "ESP"]
[SourceTitle "Ajedrez en Madrid"]
[Source "lmi"]
[SourceDate "2015.08.21"]

1. e4 d6 2. d4 Nf6 3. Nc3 e5 4. Nf3 Nbd7 5. Bc4 Be7 6. O-O O-O 7. Re1 c6 8. a4
b6 9. h3 Bb7 10. Bf1 a6 11. g3 Qc7 12. Bg2 b5 13. b3 b4 14. Nb1 a5 15. Bb2 c5
16. d5 c4 17. bxc4 Qxc4 18. Nbd2 Qc7 19. Re3 Nc5 20. Nh2 Nfd7 21. f4 Bf6 22.
Ng4 Ba6 23. Kh1 Kh8 24. Nxf6 gxf6 25. Nb3 Rac8 26. c3 Nxb3 27. Qxb3 Bc4 28. Qd1
Qb6 29. Qf3 Nc5 30. cxb4 axb4 31. a5 Qb5 32. fxe5 fxe5 33. Qf6+ Kg8 34. Qg5+
Kh8 35. Qf6+ Kg8 36. Qxd6 f6 37. Rc1 Na4 38. Ba1 b3 39. Qe6+ Kh8 40. Bxe5 fxe5
41. Qxe5+ Kg8 1/2-1/2